[Event "World Chess Olympiad 2018"]
[Site "Batumi"]
[Date "2018.10.03"]
[Round "9"]
[Board "3"]
[WhiteFideId "10400044"]
[White "Small Byron"]
[BlackFideId "32500173"]
[Black "Mohamed Ali Dima"]
[Result "1-0"]
[LiveChessVersion "1.4.8"]
[BlackElo "1576"]
[WhiteElo "1721"]

1. e4 {[%clk 1:30:39]} g6 {[%clk 1:30:44]} 2. d4 {[%clk 1:30:38]} Bg7
{[%clk 1:31:04]} 3. c4 {[%clk 1:30:39]} d6 {[%clk 1:30:15]} 4. Nf3
{[%clk 1:30:13]} Bg4 {[%clk 1:29:59]} 5. Be2 {[%clk 1:30:40]} Nc6
{[%clk 1:29:30]} 6. Be3 {[%clk 1:29:47]} e5 {[%clk 1:28:14]} 7. d5
{[%clk 1:27:03]} Bxf3 {[%clk 1:28:18]} 8. Bxf3 {[%clk 1:16:42]} Nce7
{[%clk 1:27:07]} 9. Qb3 {[%clk 1:15:16]} b6 {[%clk 1:26:03]} 10. Qa4+
{[%clk 1:14:33]} Qd7 {[%clk 1:26:20]} 11. Qc2 {[%clk 1:09:32]} c6
{[%clk 1:25:15]} 12. Nc3 {[%clk 1:07:24]} cxd5 {[%clk 1:24:58]} 13. cxd5
{[%clk 1:07:21]} Nf6 {[%clk 1:24:05]} 14. Be2 {[%clk 1:06:38]} Rc8
{[%clk 1:24:14]} 15. Qd2 {[%clk 1:00:41]} O-O {[%clk 1:22:58]} 16. O-O
{[%clk 1:01:10]} Rc7 {[%clk 1:22:16]} 17. f4 {[%clk 0:58:47]} Rxc3
{[%clk 1:20:40]} 18. Qxc3 {[%clk 0:55:19]} Nxe4 {[%clk 1:21:06]} 19. Qc4
{[%clk 0:53:10]} Nc5 {[%clk 1:20:03]} 20. fxe5 {[%clk 0:43:50]} Bxe5
{[%clk 1:19:16]} 21. Bd4 {[%clk 0:43:31]} Bxd4+ {[%clk 1:16:25]} 22. Qxd4
{[%clk 0:43:52]} Nf5 {[%clk 1:12:15]} 23. Qf4 {[%clk 0:43:02]} Re8
{[%clk 1:09:42]} 24. Bg4 {[%clk 0:38:49]} Re5 {[%clk 1:07:32]} 25. Qd2
{[%clk 0:38:16]} Ne4 {[%clk 1:06:58]} 26. Qf4 {[%clk 0:35:22]} Qa4
{[%clk 1:06:53]} 27. Rad1 {[%clk 0:29:38]} Qc4 {[%clk 1:06:43]} 28. b3
{[%clk 0:28:11]} Qc5+ {[%clk 1:05:35]} 29. Kh1 {[%clk 0:28:15]} g5
{[%clk 1:05:49]} 30. Qf3 {[%clk 0:26:21]} Nh6 {[%clk 1:04:09]} 31. Bd7
{[%clk 0:19:31]} f5 {[%clk 1:03:34]} 32. Be6+ {[%clk 0:19:11]} Kg7
{[%clk 1:02:21]} 33. Rc1 {[%clk 0:19:15]} Qd4 {[%clk 1:02:05]} 34. Rc4
{[%clk 0:14:18]} g4 {[%clk 0:57:20]} 35. Rxd4 {[%clk 0:13:20]} gxf3
{[%clk 0:55:20]} 36. gxf3 {[%clk 0:13:48]} Nc5 {[%clk 0:53:20]} 37. Rfd1
{[%clk 0:12:35]} Kf6 {[%clk 0:51:21]} 38. Rh4 {[%clk 0:10:23]} Kg5
{[%clk 0:50:55]} 39. Rhd4 {[%clk 0:09:54]} Kf6 {[%clk 0:50:00]} 40. b4
{[%clk 0:38:52]} Nxe6 {[%clk 1:17:20]} 41. dxe6 {[%clk 0:39:12]} Ng8
{[%clk 1:12:51]} 42. Rxd6 {[%clk 0:39:12]} Ne7 {[%clk 1:12:55]} 43. a3
{[%clk 0:33:44]} f4 {[%clk 1:11:05]} 44. R6d4 {[%clk 0:32:40]} Kf5
{[%clk 1:10:41]} 45. Re4 {[%clk 0:31:14]} Kxe6 {[%clk 1:10:07]} 46. Rxe5+
{[%clk 0:29:38]} Kxe5 {[%clk 1:10:35]} 47. Rd7 {[%clk 0:29:51]} Nc6
{[%clk 1:07:44]} 48. Rxh7 {[%clk 0:30:04]} Kd4 {[%clk 1:07:50]} 49. Rf7
{[%clk 0:27:45]} Ke3 {[%clk 1:08:06]} 50. Kg2 {[%clk 0:28:12]} a5
{[%clk 1:08:12]} 51. b5 {[%clk 0:28:15]} Nd4 {[%clk 1:07:57]} 52. a4
{[%clk 0:28:03]} Nb3 {[%clk 1:05:36]} 53. Re7+ {[%clk 0:27:55]} Kd3
{[%clk 1:05:40]} 54. Re4 {[%clk 0:28:01]} Nc5 {[%clk 1:05:26]} 55. Rxf4
{[%clk 0:28:16]} Ke3 {[%clk 1:03:36]} 56. Kg3 {[%clk 0:27:47]} Kd3
{[%clk 1:02:34]} 57. h4 {[%clk 0:27:23]} Ne6 {[%clk 1:02:08]} 58. Rg4
{[%clk 0:27:20]} Nf8 {[%clk 1:02:20]} 59. h5 {[%clk 0:27:34]} Kc3
{[%clk 1:02:27]} 60. f4 {[%clk 0:27:36]} Nh7 {[%clk 1:02:25]} 61. h6
{[%clk 0:25:33]} Kb3 {[%clk 1:01:33]} 62. f5 {[%clk 0:24:36]} Ka3
{[%clk 1:00:59]} 63. Kh4 {[%clk 0:24:06]} Kb3 {[%clk 1:01:16]} 64. Rd4
{[%clk 0:24:01]} Kc3 {[%clk 1:01:09]} 65. Rd7 {[%clk 0:24:15]} Nf6
{[%clk 1:01:11]} 66. Rd6 {[%clk 0:24:16]} Nh7 {[%clk 1:00:48]} 67. Rxb6
{[%clk 0:23:42]} Kb4 {[%clk 1:01:16]} 68. Rb7 {[%clk 0:23:53]} Nf6
{[%clk 1:01:37]} 69. Kg5 {[%clk 0:23:09]} Ne4+ {[%clk 1:01:22]} 70. Kg6
{[%clk 0:23:25]} Kxa4 {[%clk 1:01:49]} 71. h7 {[%clk 0:22:30]} Nd6
{[%clk 1:01:51]} 72. Rb8 {[%clk 0:22:20]} Nxb5 {[%clk 1:02:08]} 73. h8=Q
{[%clk 0:22:01]} Nc3 {[%clk 1:02:18]} 74. Qe8+ {[%clk 0:21:26]} Ka3
{[%clk 1:02:30]} 75. Qc6 {[%clk 0:20:24]} Na2 {[%clk 1:02:19]} 76. Qf3+
{[%clk 0:20:24]} 1-0

[Event "World Chess Olympiad 2018"]
[Site "Batumi"]
[Date "2018.10.03"]
[Round "9"]
[Board "1"]
[WhiteFideId "16600037"]
[White "Montel Jr Cyril Tomas"]
[BlackFideId "9800336"]
[Black "Pillay Harish"]
[Result "1-0"]
[LiveChessVersion "1.4.8"]
[BlackElo "1250"]
[WhiteElo "1882"]

1. c4 {[%clk 1:30:51]} e5 {[%clk 1:30:33]} 2. Nc3 {[%clk 1:31:11]} c6
{[%clk 1:30:36]} 3. e4 {[%clk 1:29:33]} Nf6 {[%clk 1:30:13]} 4. Qc2
{[%clk 1:29:01]} d5 {[%clk 1:29:14]} 5. exd5 {[%clk 1:29:03]} cxd5
{[%clk 1:29:24]} 6. cxd5 {[%clk 1:29:19]} Nxd5 {[%clk 1:29:20]} 7. Nxd5
{[%clk 1:29:43]} Qxd5 {[%clk 1:29:40]} 8. Qxc8+ {[%clk 1:30:05]} Ke7
{[%clk 1:26:39]} 9. Qc4 {[%clk 1:27:34]} Qd6 {[%clk 1:25:06]} 10. Nf3
{[%clk 1:26:56]} Nc6 {[%clk 1:24:04]} 11. Be2 {[%clk 1:25:31]} Rc8
{[%clk 1:21:44]} 12. O-O {[%clk 1:25:25]} Nd4 {[%clk 1:21:02]} 13. Nxd4
{[%clk 1:21:11]} Rxc4 {[%clk 1:21:09]} 14. Nf5+ {[%clk 1:21:32]} Ke6
{[%clk 1:19:24]} 15. Nxd6 {[%clk 1:21:50]} Rc7 {[%clk 1:18:19]} 16. Nb5
{[%clk 1:21:52]} Rd7 {[%clk 1:16:52]} 17. Rd1 {[%clk 1:19:11]} Bc5
{[%clk 1:16:29]} 18. b3 {[%clk 1:18:07]} a6 {[%clk 1:16:12]} 19. Nc3
{[%clk 1:17:59]} Rhd8 {[%clk 1:15:16]} 20. d3 {[%clk 1:13:49]} Bd4
{[%clk 1:15:09]} 21. Bb2 {[%clk 1:12:47]} Rc8 {[%clk 1:14:30]} 22. Rac1
{[%clk 0:59:20]} Rdc7 {[%clk 1:14:31]} 23. Nb5 {[%clk 0:42:11]} Rxc1
{[%clk 1:13:36]} 24. Nxd4+ {[%clk 0:42:24]} exd4 {[%clk 1:13:36]} 25. Rxc1
{[%clk 0:42:45]} Rxc1+ {[%clk 1:12:25]} 26. Bxc1 {[%clk 0:43:08]} f5
{[%clk 1:12:13]} 27. Bb2 {[%clk 0:38:55]} Ke5 {[%clk 1:12:14]} 28. Bf3
{[%clk 0:38:48]} b5 {[%clk 1:12:24]} 29. Bb7 {[%clk 0:38:58]} a5 {[%clk 1:12:14]}
30. f4+ {[%clk 0:38:24]} Kxf4 {[%clk 1:12:19]} 31. Bxd4 {[%clk 0:38:40]} g5
{[%clk 1:12:17]} 32. Kf2 {[%clk 0:38:40]} g4 {[%clk 1:11:52]} 33. Bb6
{[%clk 0:38:24]} a4 {[%clk 1:12:02]} 34. b4 {[%clk 0:38:41]} h5 {[%clk 1:11:44]}
35. g3+ {[%clk 0:38:42]} Kg5 {[%clk 1:11:55]} 36. Bd8+ {[%clk 0:39:02]} Kh6
{[%clk 1:12:10]} 37. Ke3 {[%clk 0:39:14]} Kg6 {[%clk 1:12:14]} 38. Kf4
{[%clk 0:39:23]} a3 {[%clk 1:12:10]} 39. d4 {[%clk 0:39:32]} Kf7 {[%clk 1:12:10]}
40. Kxf5 {[%clk 1:09:43]} Ke8 {[%clk 1:42:28]} 41. Bh4 {[%clk 1:10:04]} Kd7
{[%clk 1:42:44]} 42. d5 {[%clk 1:10:06]} Kd6 {[%clk 1:42:40]} 43. Bc6
{[%clk 1:10:04]} Kc7 {[%clk 1:42:35]} 44. Ke6 {[%clk 1:10:02]} Kc8
{[%clk 1:42:46]} 45. d6 {[%clk 1:10:12]} Kb8 {[%clk 1:42:51]} 46. d7
{[%clk 1:10:15]} Kc7 {[%clk 1:42:45]} 47. Kd5 {[%clk 1:09:36]} Kb6
{[%clk 1:42:09]} 48. d8=Q+ {[%clk 1:09:49]} 1-0

[Event "World Chess Olympiad 2018"]
[Site "Batumi"]
[Date "2018.10.03"]
[Round "9"]
[Board "2"]
[WhiteFideId "24613959"]
[White "Stratonowitsch Andre"]
[BlackFideId "16601661"]
[Black "Tan Santiago Jr"]
[Result "1-0"]
[LiveChessVersion "1.4.8"]
[BlackElo "1823"]
[WhiteElo "2138"]

1. e4 {[%clk 1:30:23]} c6 {[%clk 1:30:34]} 2. d4 {[%clk 1:30:46]} d5
{[%clk 1:30:56]} 3. exd5 {[%clk 1:31:05]} cxd5 {[%clk 1:31:15]} 4. c4
{[%clk 1:31:30]} Nf6 {[%clk 1:30:50]} 5. Nc3 {[%clk 1:31:49]} e6 {[%clk 1:29:46]}
6. Nf3 {[%clk 1:31:57]} Nc6 {[%clk 1:29:47]} 7. a3 {[%clk 1:32:08]} a6
{[%clk 1:30:09]} 8. Be2 {[%clk 1:31:09]} Bd6 {[%clk 1:30:07]} 9. Bg5
{[%clk 1:30:19]} Be7 {[%clk 1:28:57]} 10. O-O {[%clk 1:30:36]} O-O
{[%clk 1:29:22]} 11. Re1 {[%clk 1:22:37]} h6 {[%clk 1:25:07]} 12. Bh4
{[%clk 1:22:27]} dxc4 {[%clk 1:21:53]} 13. Bxc4 {[%clk 1:22:14]} Nd5
{[%clk 1:21:54]} 14. Bxd5 {[%clk 1:10:39]} exd5 {[%clk 1:14:12]} 15. Bxe7
{[%clk 1:09:26]} Nxe7 {[%clk 1:14:32]} 16. Qb3 {[%clk 1:09:11]} Rb8
{[%clk 1:12:52]} 17. Na4 {[%clk 1:03:51]} b6 {[%clk 1:08:26]} 18. Nc5
{[%clk 0:57:29]} Qd6 {[%clk 1:07:26]} 19. Nd3 {[%clk 0:57:02]} Be6
{[%clk 1:07:26]} 20. Rac1 {[%clk 0:54:49]} a5 {[%clk 1:04:39]} 21. Nde5
{[%clk 0:54:20]} Rbc8 {[%clk 1:04:26]} 22. h3 {[%clk 0:53:44]} f6
{[%clk 0:59:56]} 23. Ng4 {[%clk 0:50:51]} Bf7 {[%clk 0:58:52]} 24. Ne3
{[%clk 0:46:40]} g6 {[%clk 0:55:23]} 25. Qd3 {[%clk 0:43:03]} Kg7
{[%clk 0:51:15]} 26. g3 {[%clk 0:42:04]} Be6 {[%clk 0:51:08]} 27. Kg2
{[%clk 0:36:26]} g5 {[%clk 0:49:40]} 28. Qe2 {[%clk 0:31:59]} Rxc1
{[%clk 0:46:03]} 29. Rxc1 {[%clk 0:32:25]} Qd7 {[%clk 0:45:37]} 30. h4
{[%clk 0:28:34]} g4 {[%clk 0:42:12]} 31. Ne1 {[%clk 0:28:36]} h5 {[%clk 0:42:04]}
32. Nd3 {[%clk 0:21:37]} Ng6 {[%clk 0:40:47]} 33. Qc2 {[%clk 0:18:18]} Bf5
{[%clk 0:37:19]} 34. Nc5 {[%clk 0:13:28]} Bxc2 {[%clk 0:36:54]} 35. Nxd7
{[%clk 0:13:56]} Be4+ {[%clk 0:36:59]} 36. Kf1 {[%clk 0:13:13]} Rf7
{[%clk 0:37:10]} 37. Nxb6 {[%clk 0:13:06]} f5 {[%clk 0:37:17]} 38. Nbxd5
{[%clk 0:12:07]} f4 {[%clk 0:37:25]} 39. Nxf4 {[%clk 0:11:31]} Nxf4
{[%clk 0:37:41]} 40. gxf4 {[%clk 0:41:56]} Rxf4 {[%clk 1:07:55]} 41. Rc5
{[%clk 0:41:49]} Kh6 {[%clk 1:07:39]} 42. Ke1 {[%clk 0:39:22]} Bg6
{[%clk 1:06:00]} 43. Rc6 {[%clk 0:38:02]} Kg7 {[%clk 1:06:04]} 44. d5
{[%clk 0:37:38]} Be4 {[%clk 1:05:58]} 45. Rc4 {[%clk 0:36:15]} Rf3
{[%clk 1:01:13]} 46. Rxe4 {[%clk 0:36:23]} Rf8 {[%clk 1:00:41]} 47. d6
{[%clk 0:36:15]} Rd8 {[%clk 1:00:47]} 48. Re5 {[%clk 0:35:57]} Kg6
{[%clk 1:00:47]} 49. Rg5+ {[%clk 0:35:52]} Kf7 {[%clk 1:00:16]} 50. Nc4
{[%clk 0:35:43]} 1-0

[Event "World Chess Olympiad 2018"]
[Site "Batumi"]
[Date "2018.10.03"]
[Round "9"]
[Board "3"]
[WhiteFideId "16601491"]
[White "Salvadora Angelo"]
[BlackFideId "9800174"]
[Black "Pillay Ragul"]
[Result "1-0"]
[LiveChessVersion "1.4.8"]
[BlackElo "1353"]
[WhiteElo "1772"]

1. e4 {[%clk 1:30:40]} c5 {[%clk 1:30:59]} 2. Bc4 {[%clk 1:30:44]} Nc6
{[%clk 1:30:53]} 3. Qh5 {[%clk 1:28:12]} e6 {[%clk 1:30:16]} 4. c3
{[%clk 1:25:33]} Nf6 {[%clk 1:29:46]} 5. Qe2 {[%clk 1:25:10]} Be7
{[%clk 1:27:12]} 6. d3 {[%clk 1:25:07]} O-O {[%clk 1:26:02]} 7. Na3
{[%clk 1:25:06]} d5 {[%clk 1:25:16]} 8. Bb3 {[%clk 1:19:34]} Re8 {[%clk 1:18:56]}
9. e5 {[%clk 1:18:57]} Nd7 {[%clk 1:17:27]} 10. Nf3 {[%clk 1:19:00]} Qa5
{[%clk 1:06:29]} 11. Bd2 {[%clk 1:18:54]} c4 {[%clk 1:05:02]} 12. dxc4
{[%clk 1:18:13]} Bxa3 {[%clk 1:04:46]} 13. bxa3 {[%clk 1:18:13]} Qxa3
{[%clk 0:58:00]} 14. O-O {[%clk 1:18:18]} dxc4 {[%clk 0:54:28]} 15. Bxc4
{[%clk 1:17:49]} Qc5 {[%clk 0:54:16]} 16. Be3 {[%clk 1:16:51]} Qa5
{[%clk 0:53:57]} 17. Bd4 {[%clk 1:15:31]} Nxd4 {[%clk 0:46:06]} 18. cxd4
{[%clk 1:15:43]} Nb6 {[%clk 0:46:23]} 19. Bb3 {[%clk 1:15:25]} Bd7
{[%clk 0:46:32]} 20. Rfc1 {[%clk 1:12:28]} Rad8 {[%clk 0:42:28]} 21. Rc5
{[%clk 1:11:03]} Qb4 {[%clk 0:41:11]} 22. Rac1 {[%clk 1:10:12]} Bc6
{[%clk 0:40:36]} 23. Ng5 {[%clk 1:09:26]} h6 {[%clk 0:38:45]} 24. Nf3
{[%clk 1:05:09]} Bxf3 {[%clk 0:38:09]} 25. Qxf3 {[%clk 1:05:04]} Qxd4
{[%clk 0:34:53]} 26. Qxb7 {[%clk 1:04:24]} Rc8 {[%clk 0:30:17]} 27. Rxc8
{[%clk 0:59:16]} Nxc8 {[%clk 0:30:16]} 28. h3 {[%clk 0:59:13]} Ne7
{[%clk 0:24:34]} 29. Rc7 {[%clk 0:57:31]} Qa1+ {[%clk 0:24:24]} 30. Kh2
{[%clk 0:57:46]} Qxe5+ {[%clk 0:23:44]} 31. g3 {[%clk 0:57:52]} Qf6
{[%clk 0:20:14]} 32. Qxa7 {[%clk 0:57:28]} Nd5 {[%clk 0:18:05]} 33. Rb7
{[%clk 0:48:35]} Qf3 {[%clk 0:13:01]} 34. Bxd5 {[%clk 0:42:44]} exd5
{[%clk 0:12:22]} 35. Rb8 {[%clk 0:43:01]} Rxb8 {[%clk 0:11:44]} 36. Qxb8+
{[%clk 0:43:19]} Kh7 {[%clk 0:11:55]} 37. Qb2 {[%clk 0:39:01]} d4
{[%clk 0:11:52]} 38. Qxd4 {[%clk 0:38:55]} Qe2 {[%clk 0:10:05]} 39. a4
{[%clk 0:39:08]} Qa6 {[%clk 0:10:06]} 40. h4 {[%clk 1:06:54]} g6 {[%clk 0:38:25]}
41. Qe4 {[%clk 1:02:36]} Qb6 {[%clk 0:38:13]} 42. Kg2 {[%clk 1:02:35]} Qa5
{[%clk 0:38:15]} 43. Qc4 {[%clk 1:00:44]} Kg7 {[%clk 0:38:15]} 44. Qb5
{[%clk 0:59:55]} Qa8+ {[%clk 0:38:00]} 45. Kg1 {[%clk 0:59:42]} Kf8
{[%clk 0:37:40]} 46. a5 {[%clk 0:59:29]} 1-0

[Event "World Chess Olympiad 2018"]
[Site "Batumi"]
[Date "2018.10.03"]
[Round "9"]
[Board "4"]
[WhiteFideId "9800069"]
[White "Hoareau Benjamin"]
[BlackFideId "16600614"]
[Black "Cabuso Rustum"]
[Result "1/2-1/2"]
[LiveChessVersion "1.4.8"]
[BlackElo "1730"]
[WhiteElo "1820"]

1. d4 {[%clk 1:30:19]} Nf6 {[%clk 1:30:43]} 2. c4 {[%clk 1:30:28]} e6
{[%clk 1:30:47]} 3. Bg5 {[%clk 1:28:56]} Be7 {[%clk 1:29:41]} 4. Nd2
{[%clk 1:27:20]} d5 {[%clk 1:28:08]} 5. Ngf3 {[%clk 1:26:54]} Nc6
{[%clk 1:25:16]} 6. e3 {[%clk 1:26:00]} b6 {[%clk 1:23:39]} 7. Qa4
{[%clk 1:25:19]} Bd7 {[%clk 1:22:56]} 8. Qb3 {[%clk 1:24:32]} Na5
{[%clk 1:20:02]} 9. Qc2 {[%clk 1:23:54]} Rc8 {[%clk 1:16:34]} 10. c5
{[%clk 1:21:36]} bxc5 {[%clk 1:13:38]} 11. dxc5 {[%clk 1:20:16]} Nc6
{[%clk 1:12:40]} 12. a3 {[%clk 1:11:36]} a5 {[%clk 1:12:15]} 13. Bf4
{[%clk 1:08:39]} Nh5 {[%clk 1:10:03]} 14. Be5 {[%clk 1:03:46]} Bf6
{[%clk 1:07:08]} 15. Qc3 {[%clk 1:01:35]} Nxe5 {[%clk 1:02:41]} 16. Nxe5
{[%clk 1:01:45]} Bxe5 {[%clk 1:01:12]} 17. Qxe5 {[%clk 0:56:21]} Nf6
{[%clk 1:01:29]} 18. Rc1 {[%clk 0:53:17]} Bc6 {[%clk 0:59:04]} 19. Nb3
{[%clk 0:51:37]} a4 {[%clk 0:58:10]} 20. Nd4 {[%clk 0:51:21]} Qd7
{[%clk 0:57:47]} 21. Bd3 {[%clk 0:47:43]} O-O {[%clk 0:55:21]} 22. f3
{[%clk 0:42:46]} Rb8 {[%clk 0:49:11]} 23. O-O {[%clk 0:42:24]} Ne8
{[%clk 0:43:46]} 24. Rf2 {[%clk 0:40:28]} g6 {[%clk 0:43:13]} 25. g4
{[%clk 0:38:11]} Ng7 {[%clk 0:41:52]} 26. Qf6 {[%clk 0:27:37]} Ne8
{[%clk 0:38:19]} 27. Qe5 {[%clk 0:26:19]} Ng7 {[%clk 0:38:00]} 28. Qf6
{[%clk 0:22:45]} Ne8 {[%clk 0:37:27]} 29. Qe5 {[%clk 0:19:09]} Ng7
{[%clk 0:37:33]} 30. Qf6 {[%clk 0:19:08]} Ne8 {[%clk 0:37:53]} 1/2-1/2

[Event "World Chess Olympiad 2018"]
[Site "Batumi"]
[Date "2018.10.03"]
[Round "9"]
[Board "1"]
[WhiteFideId "23800011"]
[White "Bailey Matthew"]
[BlackFideId "31900232"]
[Black "Guterres Luis"]
[Result "0-1"]
[LiveChessVersion "1.4.8"]
[BlackElo "1779"]
[WhiteElo "1060"]

1. e4 {[%clk 1:30:46]} e5 {[%clk 1:30:42]} 2. Nf3 {[%clk 1:31:10]} d6
{[%clk 1:30:35]} 3. Bc4 {[%clk 1:31:21]} Bg4 {[%clk 1:30:17]} 4. h3
{[%clk 1:31:39]} Bxf3 {[%clk 1:29:53]} 5. Qxf3 {[%clk 1:31:52]} Nf6
{[%clk 1:30:03]} 6. Nc3 {[%clk 1:32:05]} Be7 {[%clk 1:29:43]} 7. d3
{[%clk 1:32:14]} h6 {[%clk 1:29:45]} 8. g4 {[%clk 1:32:24]} Nc6 {[%clk 1:28:07]}
9. Be3 {[%clk 1:32:35]} Qd7 {[%clk 1:26:36]} 10. g5 {[%clk 1:32:01]} hxg5
{[%clk 1:26:44]} 11. Bxg5 {[%clk 1:32:11]} O-O-O {[%clk 1:26:32]} 12. Bxf6
{[%clk 1:32:22]} Nd4 {[%clk 1:23:36]} 13. Qd1 {[%clk 1:31:46]} Bxf6
{[%clk 1:23:29]} 14. Nd5 {[%clk 1:31:34]} Rxh3 {[%clk 1:22:22]} 15. Rg1
{[%clk 1:31:35]} Nf3+ {[%clk 1:22:15]} 16. Kf1 {[%clk 1:31:05]} Nxg1
{[%clk 1:22:08]} 17. Kxg1 {[%clk 1:31:34]} Rdh8 {[%clk 1:21:33]} 18. Kg2
{[%clk 1:31:23]} Rh2+ {[%clk 1:20:21]} 19. Kf3 {[%clk 1:31:42]} R8h3+
{[%clk 1:20:21]} 20. Ke2 {[%clk 1:31:53]} Qg4+ {[%clk 1:19:55]} 21. Kd2
{[%clk 1:32:13]} Bg5+ {[%clk 1:17:30]} 22. Kc3 {[%clk 1:32:33]} Qxe4
{[%clk 1:13:43]} 23. Qg1 {[%clk 1:32:13]} Rg2 {[%clk 1:13:16]} 24. Qf1
{[%clk 1:32:08]} Qd4+ {[%clk 1:12:59]} 25. Kb3 {[%clk 1:32:20]} Qxf2
{[%clk 1:12:48]} 26. Qxf2 {[%clk 1:31:28]} Rxf2 {[%clk 1:12:56]} 27. Rg1
{[%clk 1:31:35]} f6 {[%clk 1:12:12]} 28. Nc3 {[%clk 1:30:53]} Rhh2
{[%clk 1:11:28]} 29. Ne4 {[%clk 1:30:47]} Rfg2 {[%clk 1:11:08]} 30. Rf1
{[%clk 1:30:50]} Bf4 {[%clk 1:09:24]} 31. Bd5 {[%clk 1:30:34]} Kb8
{[%clk 1:09:02]} 32. Nc3 {[%clk 1:29:00]} Rxc2 {[%clk 1:07:52]} 33. Nd1
{[%clk 1:28:33]} c6 {[%clk 1:04:58]} 34. Be4 {[%clk 1:28:51]} Kc7
{[%clk 1:05:22]} 35. d4 {[%clk 1:29:14]} Rcd2 {[%clk 1:05:14]} 36. Rg1
{[%clk 1:29:16]} g5 {[%clk 1:05:28]} 37. dxe5 {[%clk 1:29:30]} Bxe5
{[%clk 1:05:10]} 38. Bf5 {[%clk 1:29:45]} Bxb2 {[%clk 1:05:02]} 39. Nxb2
{[%clk 1:29:58]} Rxb2+ {[%clk 1:05:09]} 40. Kc3 {[%clk 2:00:27]} Rxa2
{[%clk 1:34:44]} 41. Re1 {[%clk 2:00:46]} Rae2 {[%clk 1:33:55]} 42. Ra1
{[%clk 2:01:09]} a6 {[%clk 1:34:04]} 43. Bd3 {[%clk 2:01:12]} Re3
{[%clk 1:34:03]} 44. Kd4 {[%clk 2:01:16]} Rhh3 {[%clk 1:34:07]} 45. Bf5
{[%clk 2:01:43]} c5+ {[%clk 1:33:03]} 0-1